000 00542nam a2200229Ia 4500
003 0100
008 130303s9999 xx 000 0 und d
020 _a0155003674
040 _cARRUPELIB
050 _aBJ1031.H66 1994
100 _aHinman, Lawrence M
245 _aEthics
245 _ba pluralistic approach to moral theory
260 _aFort Worth
260 _bHarcourt Brace College Publishers
260 _C1994
300 _ax
300 _b 384p. 23cm
650 _aETHICS
650 _bWaugh, Evelyn
942 0 0 _01
999 _c18660
_d18660